000 00528nam a2200181Ia 4500
005 20250923144401.0
008 008 250917s9999 xx 000 0 eng d
037 _aTextual
040 _aDSWL
_beng
_cDSWL
041 _aeng
_2eng
084 _aT3v73:N48, H9
_qDSWL
100 _aSmith, R.G
_9824349
245 0 _aPeople's colleges history of New York state
_cby R.G Smith
260 _aNew York
_b CUP
_c1949
300 _a593 p.
942 _cTEXL
_hT3v73:N48, H9
999 _c1438167
_d1438167